NBA Scoring Champions - Statistics

General Stats
  • This quiz has been taken 31 times
  • The average score is 66 of 79
Answer Stats
Season Team Player % Correct
2008-09 Miami Heat Dwyane Wade
100%
2017-18 Houston Rockets James Harden
100%
2018-19 Houston Rockets James Harden
100%
2019-20 Houston Rockets James Harden
100%
2021-22 Philadelphia 76ers Joel Embiid
100%
2022-23 Philadelphia 76ers Joel Embiid
100%
1970-71 Milwaukee Bucks Kareem Abdul-Jabbar
100%
1971-72 Milwaukee Bucks Kareem Abdul-Jabbar
100%
2009-10 Oklahoma City Thunder Kevin Durant
100%
2010-11 Oklahoma City Thunder Kevin Durant
100%
2011-12 Oklahoma City Thunder Kevin Durant
100%
2013-14 Oklahoma City Thunder Kevin Durant
100%
2005-06 Los Angeles Lakers Kobe Bryant
100%
2006-07 Los Angeles Lakers Kobe Bryant
100%
2007-08 Cleveland Cavaliers LeBron James
100%
2023-24 Dallas Mavericks Luka Doncic
100%
1986-87 Chicago Bulls Michael Jordan
100%
1987-88 Chicago Bulls Michael Jordan
100%
1988-89 Chicago Bulls Michael Jordan
100%
1989-90 Chicago Bulls Michael Jordan
100%
1990-91 Chicago Bulls Michael Jordan
100%
1991-92 Chicago Bulls Michael Jordan
100%
1992-93 Chicago Bulls Michael Jordan
100%
1995-96 Chicago Bulls Michael Jordan
100%
1996-97 Chicago Bulls Michael Jordan
100%
1997-98 Chicago Bulls Michael Jordan
100%
2014-15 Oklahoma City Thunder Russell Westbrook
100%
2016-17 Oklahoma City Thunder Russell Westbrook
100%
2024-25 Oklahoma City Thunder Shai Gilgeous-Alexander
100%
1994-95 Orlando Magic Shaquille O'Neal
100%
1999-00 Los Angeles Lakers Shaquille O'Neal
100%
2015-16 Golden State Warriors Stephen Curry
100%
2020-21 Golden State Warriors Stephen Curry
100%
1998-99 Philadelphia 76ers Allen Iverson
96%
2000-01 Philadelphia 76ers Allen Iverson
96%
2001-02 Philadelphia 76ers Allen Iverson
96%
2004-05 Philadelphia 76ers Allen Iverson
96%
1969-70 Los Angeles Lakers Jerry West
96%
1959-60 Philadelphia Warriors Wilt Chamberlain
96%
1960-61 Philadelphia Warriors Wilt Chamberlain
96%
1961-62 Philadelphia Warriors Wilt Chamberlain
96%
1962-63 San Francisco Warriors Wilt Chamberlain
96%
1963-64 San Francisco Warriors Wilt Chamberlain
96%
1964-65 Philadelphia 76ers Wilt Chamberlain
96%
1965-66 Philadelphia 76ers Wilt Chamberlain
96%
2012-13 New York Knicks Carmelo Anthony
93%
1993-94 San Antonio Spurs David Robinson
93%
2002-03 Orlando Magic Tracy McGrady
93%
2003-04 Orlando Magic Tracy McGrady
93%
1985-86 Atlanta Hawks Dominique Wilkins
89%
1977-78 San Antonio Spurs George Gervin
79%
1978-79 San Antonio Spurs George Gervin
79%
1979-80 San Antonio Spurs George Gervin
79%
1981-82 San Antonio Spurs George Gervin
79%
1982-83 Denver Nuggets Alex English
75%
1955-56 St. Louis Hawks Bob Pettit
75%
1958-59 St. Louis Hawks Bob Pettit
75%
1948-49 Minneapolis Lakers George Mikan
75%
1949-50 Minneapolis Lakers George Mikan
75%
1950-51 Minneapolis Lakers George Mikan
75%
1973-74 Buffalo Braves Bob McAdoo
71%
1974-75 Buffalo Braves Bob McAdoo
71%
1975-76 Buffalo Braves Bob McAdoo
71%
1966-67 San Francisco Warriors Rick Barry
68%
1984-85 New York Knicks Bernard King
64%
1980-81 Utah Jazz Adrian Dantley
61%
1983-84 Utah Jazz Adrian Dantley
61%
1976-77 New Orleans Jazz Pete Maravich
61%
1968-69 San Diego Rockets Elvin Hayes
54%
1951-52 Philadelphia Warriors Paul Arizin
54%
1956-57 Philadelphia Warriors Paul Arizin
54%
1972-73 Kansas City-Omaha Kings Nate Archibald
43%
1967-68 Detroit Pistons Dave Bing
39%
1946-47 Philadelphia Warriors Joe Fulks
32%
1952-53 Philadelphia Warriors Neil Johnston
25%
1953-54 Philadelphia Warriors Neil Johnston
25%
1954-55 Philadelphia Warriors Neil Johnston
25%
1957-58 Detroit Pistons George Yardley
21%
1947-48 Chicago Stags Max Zaslofsky
14%
No matching quizzes found
Score Distribution
Percent of People with Each Score
Percentile by Number Answered
Your Score History
You have not taken this quiz